00442nam a2200193Ia 4500003000400000005001700004008004100021020002200062040000700084041000800091082001300099100001900112245002200131260003200153300001400185365001300199650001400212650002200226OSt20230509095827.0210423s2007 xx 000 0 und d a978-93-81714-19-5 cAL aeng a547 DAVO aDAVIS (Gene A) aOrganic chemistry bScientific Publishersc2007 ax,206bPB b350cINR aChemistry aOrganic Chemistry